000 00512nam a2200181Ia 4500
005 20250508162113.0
008 008 250505s9999 xx 000 0 hin d
037 _aTextual
040 _aFEDL
_beng
_cFEDL
041 _ahin
_2hin
084 _a658, AGG
_qFEDL
100 _aArggrawal Ramesh Chandra
_9772307
245 0 _aPrabandh ke siddhant evam vyavhar
260 _aAgra, India
_bNavyug Sahitya Sadan
_c1981
300 _aviii,364p
942 _cTEXL
_h658, AGG
999 _c1374392
_d1374392